Statistický problém
Nevyhnutnosť hľadania nových spôsoboch merania vplyvu novej ekonomiky na HDP a jeho dynamiku. Ceny. Produktivita. Investície a spotreba. Otázka príspevku novej ekonomiky k hospodárskemu rastu v USA. Komentáre odborníkov.
Enregistré dans:
| Auteur principal: | |
|---|---|
| Autres auteurs: | |
| Format: | Chapitre de livre |
| Langue: | tchèque |
| Sujets: | |
| Tags: |
Pas de tags, Soyez le premier à ajouter un tag!
|
MARC
| LEADER | 00000naa a2200000 4500 | ||
|---|---|---|---|
| 001 | r044733 | ||
| 005 | 20231004070247.5 | ||
| 041 | 0 | |a cze | |
| 044 | |a CZ | ||
| 245 | 1 | 0 | |a Statistický problém |c Richard Hindls, Stanislava Hronová |
| 520 | |a Nevyhnutnosť hľadania nových spôsoboch merania vplyvu novej ekonomiky na HDP a jeho dynamiku. Ceny. Produktivita. Investície a spotreba. Otázka príspevku novej ekonomiky k hospodárskemu rastu v USA. Komentáre odborníkov. | ||
| 610 | 2 | 0 | |a štatistika medzinárodná |
| 610 | 2 | 0 | |a štatistika ekonomická |
| 610 | 2 | 0 | |a ekonomika vedomostná |
| 610 | 2 | 0 | |a technológie komunikačné |
| 610 | 2 | 0 | |a technológie informačné |
| 610 | 2 | 0 | |a USA |
| 610 | 2 | 0 | |a Európska únia |
| 100 | 1 | |a Hindls, Richard | |
| 700 | 1 | |a Hronová, Stanislava | |